[Event "Ankara Baskent Univ op 6th"]
[Site "Ankara"]
[Date "2023.08.18"]
[Round "5"]
[White "Shahmoradi, Arash"]
[Black "Temizer, Umut"]
[Result "0-1"]
[WhiteElo "1919"]
[BlackElo "2221"]
[PlyCount "76"]
[EventDate "2023.08.15"]
[EventType "swiss"]
[EventRounds "9"]
[EventCountry "TUR"]
[SourceTitle "CBM 215 Extra"]
[Source "ChessBase"]
[SourceDate "2023.09.30"]
[SourceVersion "1"]
[SourceVersionDate "2023.09.30"]
[SourceQuality "1"]

1. Nf3 d5 2. g3 Nf6 3. Bg2 Bf5 4. 0-0 e6 5. d3 Be7 6. Nbd2 0-0 7. Ne5 h6 8. e4 Bh7 9. exd5 exd5 10. b3 Nbd7 11. Ndf3 a5 12. Re1 a4 13. bxa4 Nc5 14. Rb1 Rxa4 15. Rxb7 Nxb7 16. Nc6 Qd6 17. Nxe7+ Kh8 18. Bb2 Rxa2 19. Qb1 Ra7 20. Ne5 Raa8 21. N5c6 Na5 22. Be5 Qd7 23. Nxa5 Qxe7 24. Nc6 Qd7 25. Qb7 Rae8 26. Ra1 Re6 27. Ra6 Bf5 28. h3 Rfe8 29. g4 Rxe5 30. Nxe5 Rxe5 31. gxf5 Re1+ 32. Bf1 Qxf5 33. Qa8+ Kh7 34. Ra1 Ng4 35. hxg4 Qxg4+ 36. Kh1 Re5 37. Bg2 Rg5 38. Be4+ g6 0-1

[Event "Ankara Baskent Univ op 6th"]
[Site "Ankara"]
[Date "2023.08.16"]
[Round "2"]
[White "Yungucu, Arda"]
[Black "Shahmoradi, Arash"]
[Result "1-0"]
[WhiteElo "2043"]
[BlackElo "1919"]
[PlyCount "102"]
[EventDate "2023.08.15"]
[EventType "swiss"]
[EventRounds "9"]
[EventCountry "TUR"]
[SourceTitle "CBM 215 Extra"]
[Source "ChessBase"]
[SourceDate "2023.09.30"]
[SourceVersion "1"]
[SourceVersionDate "2023.09.30"]
[SourceQuality "1"]

1. Nf3 Nf6 2. g3 g6 3. Bg2 Bg7 4. 0-0 0-0 5. d4 d6 6. c4 Nbd7 7. Nc3 e5 8. Qc2 Re8 9. Rd1 c6 10. dxe5 dxe5 11. Ng5 Qe7 12. Nge4 Nxe4 13. Nxe4 Nc5 14. Nd6 Rd8 15. Nxc8 Rxd1+ 16. Qxd1 Rxc8 17. Be3 Rd8 18. Qc2 a6 19. Rd1 Ne6 20. Rxd8+ Qxd8 21. b4 Nd4 22. Qd3 f5 23. c5 e4 24. Qd2 Qd5 25. Bf1 h5 26. a3 Kh7 27. Qc1 Nb3 28. Qc2 Nd4 29. Bxd4 Qxd4 30. e3 Qb2 31. Qa4 Bc3 32. Qa5 Be1 33. Qc7+ Qg7 34. Qf4 Bc3 35. Qd6 Be5 36. Qe6 Qf6 37. Qc8 Qf7 38. Kg2 g5 39. Bc4 Qf6 40. Qxb7+ Kh6 41. Bg8 Qg6 42. Bf7 Qf6 43. Be8 Bb2 44. Bxc6 h4 45. Bd5 Bxa3 46. c6 f4 47. Qf7 h3+ 48. Kxh3 g4+ 49. Kxg4 Qg5+ 50. Kh3 fxe3 51. Qf8+ Kh7 1-0

[Event "IRI-ch Online"]
[Site "Chess.com INT"]
[Date "2021.03.16"]
[Round "2"]
[White "Shahmoradi, Arash"]
[Black "Atakhan, Abtin"]
[Result "1/2-1/2"]
[WhiteElo "1969"]
[BlackElo "2294"]
[PlyCount "159"]
[EventDate "2021.03.15"]
[EventType "swiss (rapid)"]
[EventRounds "11"]
[EventCountry "IRI"]
[SourceTitle "CBM 201 Extra"]
[Source "ChessBase"]
[SourceDate "2021.05.31"]
[SourceVersion "1"]
[SourceVersionDate "2021.05.31"]
[SourceQuality "1"]

1. Nf3 d5 2. g3 g6 3. Bg2 Bg7 4. 0-0 e5 5. d3 Nc6 6. c3 Nge7 7. Nbd2 h6 8. e4 Be6 9. Re1 0-0 10. exd5 Nxd5 11. Nc4 f6 12. Qc2 Bf7 13. Bd2 Re8 14. Rad1 f5 15. d4 e4 16. Nfe5 Qf6 17. Nxc6 Qxc6 18. Ne5 Bxe5 19. dxe5 Kh7 20. Qc1 g5 21. f3 Bg6 22. f4 g4 23. Be3 Rad8 24. Bf2 Nb6 25. Rxd8 Rxd8 26. Rd1 Rd5 27. Bf1 Bf7 28. h3 h5 29. hxg4 hxg4 30. Bd4 Qd7 31. Be2 Be6 32. Kg2 Kg6 33. Rh1 c5 34. Be3 Rd3 35. Bxc5 Rd2 36. Kf1 Rxe2 37. Kxe2 Qb5+ 38. Kf2 Qxc5+ 39. Qe3 Qxe3+ 40. Kxe3 Nc4+ 41. Kd4 Kg7 42. b3 Nb6 43. c4 Nd7 44. b4 a6 45. Rc1 Nb8 46. b5 Kf7 47. a4 Bd7 48. Rb1 axb5 49. cxb5 Ke6 50. a5 e3 51. a6 bxa6 52. bxa6 e2 53. a7 Nc6+ 54. Ke3 Nxa7 55. Kxe2 Nb5 56. Ke3 Bc6 57. Ra1 Kd5 58. Rd1+ Ke6 59. Ra1 Nc7 60. Kd4 Be4 61. Kc5 Bd3 62. Rh1 Na6+ 63. Kd4 Be2 64. Rh6+ Ke7 65. Rf6 Nc7 66. Rxf5 Ne6+ 67. Ke3 Bf3 68. Rh5 Ng7 69. Rg5 Ne6 70. Rg6 Kf7 71. Rf6+ Ke7 72. f5 Ng7 73. Kd4 Be2 74. Ke3 Bf3 75. Kd4 Bd1 76. Ke4 Bf3+ 77. Ke3 Bd1 78. Ke4 Bf3+ 79. Ke3 Bd1 80. Ke4 1/2-1/2

[Event "IRI-ch Online"]
[Site "Chess.com INT"]
[Date "2021.03.16"]
[Round "4"]
[White "Shahmoradi, Arash"]
[Black "Mosadeghpour, Masoud"]
[Result "0-1"]
[WhiteElo "1969"]
[BlackElo "2498"]
[PlyCount "80"]
[EventDate "2021.03.15"]
[EventType "swiss (rapid)"]
[EventRounds "11"]
[EventCountry "IRI"]
[SourceTitle "CBM 201 Extra"]
[Source "ChessBase"]
[SourceDate "2021.05.31"]
[SourceVersion "1"]
[SourceVersionDate "2021.05.31"]
[SourceQuality "1"]

1. Nf3 Nf6 2. g3 g6 3. Bg2 Bg7 4. 0-0 0-0 5. d3 d5 6. c3 c5 7. Nbd2 Nc6 8. Qc2 b6 9. e4 Ba6 10. exd5 Nxd5 11. Re1 Rc8 12. Nc4 Qc7 13. Bd2 e6 14. Rad1 Rfd8 15. h4 b5 16. Ne3 Nf6 17. Bc1 Qb6 18. Ng5 Bb7 19. Ne4 Ne5 20. Qe2 Nxe4 21. dxe4 c4 22. h5 Nd3 23. Rf1 Bh6 24. hxg6 hxg6 25. Bd2 Bg7 26. Rb1 f5 27. b3 cxb3 28. axb3 Bxc3 29. Bxc3 Rxc3 30. exf5 exf5 31. Nd5 Bxd5 32. Bxd5+ Kf8 33. Qd2 Qf6 34. Bg2 f4 35. Rbd1 Kg7 36. gxf4 Rh8 37. Ra1 Nxf4 38. Rxa7+ Kh6 39. Rf7 Qxf7 40. Qxc3 Ne2+ 0-1